Atmospheres of Breathing (Record no. 60831)
[ view plain ]
| 000 -LEADER | |
|---|---|
| fixed length control field | 01587nam a2200217Ii 4500 |
| 008 - FIXED-LENGTH DATA ELEMENTS--GENERAL INFORMATION | |
| fixed length control field | 221202s xx 000 0 und d |
| 245 #0 - TITLE STATEMENT | |
| Title | Atmospheres of Breathing |
| 264 #1 - PRODUCTION, PUBLICATION, DISTRIBUTION, MANUFACTURE, AND COPYRIGHT NOTICE | |
| Place of production, publication, distribution, manufacture | Albany |
| Name of producer, publisher, distributor, manufacturer | State University of New York Press |
| Date of production, publication, distribution, manufacture, or copyright notice | 2018 |
| 300 ## - PHYSICAL DESCRIPTION | |
| Extent | 1 online resource |
| 336 ## - CONTENT TYPE | |
| Content type term | text |
| Content type code | txt |
| Source | rdacontent |
| 337 ## - MEDIA TYPE | |
| Media type term | computer |
| Media type code | c |
| Source | rdamedia |
| 338 ## - CARRIER TYPE | |
| Carrier type term | online resource |
| Carrier type code | cr |
| Source | rdacarrier |
| 520 ## - SUMMARY, ETC. | |
| Summary, etc. | Attempts to think anew about philosophical questions from the perspective of breath and breathing. As a physiological or biological matter, breath is mostly considered to be mechanical and thoughtless. By expanding on the insights of many religions and therapeutic practices, which emphasize the cultivation of breath, the contributors argue that breath should be understood as fundamentally and comprehensively intertwined with human life and experience. Various dimensions of the respiratory world are referred to as “atmospheres” that encircle and connect human existence, coexistence, and the world. Drawing from a number of traditions of breathing, including from Indian and East Asian religion and philosophy, the book considers breath in relation to ontological, hermeneutical, phenomenological, ethical, and aesthetic concerns in philosophy. The wide-ranging topics include poetry, theater, environmental issues and health, feminism, and media studies. |
| 653 ## - INDEX TERM--UNCONTROLLED | |
| Uncontrolled term | Breath |
| 653 ## - INDEX TERM--UNCONTROLLED | |
| Uncontrolled term | Breathing |
| 653 ## - INDEX TERM--UNCONTROLLED | |
| Uncontrolled term | Philosophy |
| 700 1# - ADDED ENTRY--PERSONAL NAME | |
| Personal name | Škof, Lenart |
| 700 1# - ADDED ENTRY--PERSONAL NAME | |
| Personal name | Berndtson, Petri |
| 856 ## - ELECTRONIC LOCATION AND ACCESS | |
| Uniform Resource Identifier | <a href="https://library.oapen.org/handle/20.500.12657/48594">https://library.oapen.org/handle/20.500.12657/48594</a> |
| 942 ## - ADDED ENTRY ELEMENTS (KOHA) | |
| Koha item type | E-Book |
| Withdrawn status | Damaged status | Not for loan | Home library | Current library | Date acquired | Total Checkouts | Date last seen | Price effective from | Koha item type |
|---|---|---|---|---|---|---|---|---|---|
| Directory of Open Access Books | Directory of Open Access Books | 11/28/2022 | 11/28/2022 | 11/28/2022 | E-Book |